000 00762nam a22002177a 4500
999 _c4722
_d4722
003 AR-CdUCM
008 190311b ||||| |||| 00| 0 spa d
040 _aMUNICIPALIDAD PROVINCIAL DEL CUSCO
_cBIBLIOTECA MUNICIPAL DEL CUSCO
082 _a869.954 /
_bC29
100 _aCardenal, Ernesto
_914635
245 _aOración por Marilin Monroe y otros poemas /
260 _aLima :
_bInstituto Nacional de Cultura:
_b[Ausonia-Talleres gráficos S.A.],
_c1972.
300 _a63 páginas ;
_c17 cm.
440 _aTextual
_n : 2
_914636
500 _aDonación de la familia Nieto.
650 _aPoesía - Nicaragüa
_914637
650 _aPoetas nicaragüenses
_914638
650 _aPoesía - Siglo XX - Nicaragüa
_914639
942 _2ddc
_cLIBROS
945 _alccs